|
|
|
|
| LEADER |
00889 a2200157 4500 |
| 999 |
|
|
|c 159193
|d 159189
|
| 020 |
|
|
|a 9788126721160
|
| 082 |
|
|
|a H 891.433 010 8
|b 152 Q4
|
| 245 |
|
|
|a Pachchees baras (पच्चीस बरस):
|b pachchees kahaniyan (पच्चीस कहानियां)/
|c Ed. by Rajendra Yadav (राजेन्द्र यादव) and Archana Verma (अर्चना वर्मा)
|
| 260 |
|
|
|b Rajkamalprakashan,
|a Delhi:
|c 2014.
|
| 300 |
|
|
|a 375p.
|
| 650 |
|
|
|a Short stories, Hindi
|9 184247
|
| 700 |
|
|
|a Rajendra Yadav ( राजेन्द्र यादव), Ed.
|9 184248
|
| 700 |
|
|
|a Archana Verma (अर्चना वर्मा), Ed.
|9 184249
|
| 942 |
|
|
|c BK
|
| 952 |
|
|
|0 0
|1 0
|4 0
|6 H_891_433000000000000_010_8_152_Q4
|7 0
|8 HINDI
|9 157637
|a MGUL
|b MGUL
|c GEN
|d 2018-07-09
|e Arunima Book Distributors
|g 750.00
|l 0
|o H 891.433 010 8 152 Q4
|p 60436
|r 2018-07-09
|w 2018-07-09
|y BK
|